000
00445nam a2200133Ia 4500
008
100328s9999 xx 000 0 und d
082
_b
11996
100
_a
टोळ दत्ता श्री.
245
_a
मृत्युंजयाच्या कथा
260
_b
अनंत
630
_a
मृत्युंजयाच्या कथा
730
_a
मृत्युंजयाच्या कथा
942
_c
BOOK
999
_c
507293
_d
507290